Studies in Romans. (Record no. 2967)

000 -LEADER
fixed length control field 00490nam a2200169 a 4500
001 - CONTROL NUMBER
control field :::00000696$&:&@@
003 - CONTROL NUMBER IDENTIFIER
control field OkBaRHE
005 - DATE AND TIME OF LATEST TRANSACTION
control field 20001025171437.0
008 - FIXED-LENGTH DATA ELEMENTS--GENERAL INFORMATION
fixed length control field j 000 0 eng u
020 ## - INTERNATIONAL STANDARD BOOK NUMBER
International Standard Book Number 0884190587
040 ## - CATALOGING SOURCE
Transcribing agency
100 1# - MAIN ENTRY--PERSONAL NAME
Personal name Soper, D. Wesley
245 10 - TITLE STATEMENT
Title Studies in Romans.
260 ## - PUBLICATION, DISTRIBUTION, ETC. (IMPRINT)
Place of publication, distribution, etc Kansas City, Mossouri
Name of publisher, distributor, etc Nazarene Publishing House
942 ## - ADDED ENTRY ELEMENTS (KOHA)
Source of classification or shelving scheme
Koha item type Books
Copies
Permanent Location Shelving location Date acquired Price effective from Copy number Not for loan Koha item type Withdrawn status Date last seen Damaged status Barcode Full call number Lost status Source of classification or shelving scheme
RHEMA Bible Training CollegeGeneral Stacks2010-04-142010-04-141 Books 2018-03-28 696BS 2665 .S644